000 00660nam a22002297a 4500
003 UA-OsUOA
001 93529
007 ta
008 20130122b un ||||| |||| 00| 0 ukr d
100 _aГорький М.
090 _a821.161.1
_bГ71
942 _cBK
040 _aUA-OsUOA
_brus
_cUA-OsUOA
_dUA-OsUOA
245 _aСобрание сочинений в 18 томах
_bТ. 6
_cПроизведения (1909 - 1912)
300 _a537 с.
955 _a3
041 _arus
080 _a821.161.1
260 _aМ.
_bГослитиздат
_c1961
650 7 _a82 Література. Літературознавство
_2UDC
999 _c379785
_d379785